Progress in Mathematical Programming Interior-Point and Related Methods

Gespeichert in:
Bibliographische Detailangaben
Weitere Verfasser: Megiddo, Nimrod
Format: Buch
Sprache:Englisch
Veröffentlicht: New York Springer 1989
Ausgabe:1. ed.
Tags: Tag hinzufügen
Keine Tags, Fügen Sie das erste Tag hinzu!

MARC

LEADER 00000nam a2200000 4500
001 c029134
005 20221215114340.6
041 0 |a eng 
044 |a US 
245 1 0 |a Progress in Mathematical Programming  |b Interior-Point and Related Methods  |c Edit. Nimrod Megiddo 
250 |a 1. ed. 
264 1 |a New York  |b Springer  |c 1989 
300 |a 158 s. 
700 1 |a Megiddo, Nimrod